000 00323 a2200145 4500
001 150124
040 _cEscola São Tomás de Aquino
100 _aASSUMPÇÃO, Simone
240 1 0 _aPoesia fora de estante
_lpor
245 1 0 _aPoesia fora de estante
300 _a125
362 0 _a2008
697 _aPoesia
942 _cBK
999 _c150124
_d150124